000 00539nam a2200205 i 4500
001 bg
100 1 _aPIKOŃ, Andrzej
245 1 0 _aAutoCAD 14PL :
_bpierwsze kroki : [wersja polska] /
_cAndrzej Pikoń.
260 _aGliwice :
_b"Helion",
_ccop. 1998.
300 _a247 s. :
_brys., wykr. ;
_c24 cm.
650 9 _aAutoCAD
655 _aPodręczniki
020 _a8386718870
040 _cBPK
041 0 _apl
080 _a004.42:004.92](07)
920 _a83-86718-87-0
942 _cKS
008 s pl f |000 0 pol
999 _c34044
_d34044
856 _uhttp://koha.tu.koszalin.pl/cgi-bin/koha/opac-detail.pl?biblionumber=34044
_yKatalog online BPK